Responses for Show #7351 - Monday, July 25, 2016

Pranjal Vachaspati game 5.
Show dedicated "In memory of our friend and colleague Phil Wayne".

Contestants

[<< previous game]

Anthony Szabo, an office manager from Portland, Oregon

Kathy Krebs, a Realtor from Philadelphia, Pennsylvania

Pranjal Vachaspati, a Ph.D. student originally from Shaker Heights, Ohio (whose 4-day cash winnings total $89,188)

[next game >>]

Jeopardy! Round responses

WHO MAKES IT?
7-LETTER WORDS
DUCK DAY AFTERNOON
VICE PRESIDENTS
"M"PLACEMENT
THE MAGIC OF LAIKA ANIMATION
(Alex: An animation studio that is celebrating its tenth anniversary.)
    $200 2
Wrigley's

Anthony
    $200 15
a village

Anthony
    $200 26
(Alex: Less than a minute now.)

water

Pranjal
    $200 9
Biden

Pranjal
    $200 29
Myanmar

Anthony
    $200 30
stop motion

Pranjal
    $400 3
3M

Anthony
    $400 16
a widower

Kathy
    $400 28
Daffy Duck

Kathy
    $500 12
(Anthony: Who is, uh...)
(Alex: Upon the assassination of Abraham Lincoln, Johnson. [*].)

Andrew Johnson

Anthony
    $400 25
Montevideo

Pranjal
    $400 11
live action

Anthony
    $600 4
(Pranjal: What is Heinz?)
(Kathy: What is Hunt's?)

French's

PranjalKathyAnthony
    $600 17
a quartet

Pranjal
    $600 8
the duck-billed platypus

Anthony
    $600 13
Agnew

Anthony
    $600 6
Macedonia

Pranjal
    $600 23
(Alex: And that movie opens about a month from now. Looks like a lot of fun.)

Charlize Theron

Kathy
    $800 5
(Kathy: What is Bobcat?)

Caterpillar

PranjalKathy
    $800 10
sustain

Pranjal
    $800 19
(Anthony: What is à la king?)

à l'orange

KathyAnthony
    $800 7
Coolidge

Pranjal
    $800 18
Milwaukee

Pranjal
    $800 24
a 3D printer

Pranjal
    $1000 1
L'Oreal

Kathy
    $1000 21
a typhoon

Pranjal
    $1000 20
David Mamet

Triple Stumper
    $1000 14
Walter Mondale

Triple Stumper
    $1000 22
Malaysia

Pranjal
    $1000 27
Coraline

Pranjal

Scores at the first commercial break (after clue 15):

Pranjal Kathy Anthony
$2,600 -$400 $2,500

Scores at the end of the Jeopardy! Round:

Pranjal Kathy Anthony
$8,600 $1,800 $1,900

Double Jeopardy! Round responses

ANATOMICALLY TITLED LIT
SPORTS NICKNAMES
STATE FLOWERS
HOLY MOSES!
TECH TALK
ADD "S" TO THE START OF THE WORD
    $400 1
(Pranjal: Who is Poirot?)

Sherlock Holmes

PranjalKathy
    $400 6
bear

Kathy
    $400 25
mistletoe

Kathy
    $400 15
Firefox

Kathy
    $400 24
smuggle

Anthony
    $800 2
a nuclear weapon

Pranjal
    $800 23
Pike

Pranjal
    $800 22
the Nile

Pranjal
    $800 16
JPEG

Pranjal
    $800 5
a sable

Pranjal
    $1200 7
Devil's Island

Pranjal
    $1200 3
(Kathy: What is Tennessee?)

West Virginia

PranjalKathy
    $1200 9
(Kathy: Who is Abraham?)

Aaron

Kathy
Triple Stumper
    $1200 21
Bluetooth

Anthony
    $1200 17
select

Pranjal
    $1600 14
The Mortal Instruments

Triple Stumper
    $7,000 11
the saguaro

Pranjal
    $7,500 10
(Alex: Anything?)
(Pranjal: Go forth and conquer? What is go forth and conquer?)
(Alex: No, I'll try to do my Charlton Heston bit now. What is [*].)

let my people go

Pranjal
    $1600 4
(Kathy: What is data?)

Bitcoin

PranjalKathy
    $1600 8
(Anthony: What is a sap?)
...
(Alex: Yes. An adder, add the "S", [*].)

sadder

PranjalAnthony
    $2000 12
a thousand faces

Pranjal
    $2000 26
[The end-of-round-signal sounds.]

the Vikings

Anthony
    $2000 18
the black-eyed Susan

Triple Stumper
    $2000 20
Pisgah

Triple Stumper
    $2000 13
protocol

Anthony
    $2000 19
(Alex: With about a minute to go now.)

sparse

Pranjal

Scores at the end of the Double Jeopardy! Round:

Pranjal Kathy Anthony
$22,500 -$600 $5,900
(lock game)

[wagering suggestions for these scores]

Final Jeopardy! Round responses

U.S. MONUMENTS
(Alex: Robert Moton gave the keynote address but wasn't allowed to sit with the other speakers.)
AnthonyWhat is the Lincoln Memorial? Washington
$5,900
PranjalWhat is the Lincoln Memorial?
$10,000
the Lincoln Memorial

Final scores:

Pranjal Kathy Anthony
$32,500 -$600 $11,800
5-day champion: $121,688 3rd place: $1,000 2nd place: $2,000

Game dynamics:

Coryat scores:

Pranjal Kathy Anthony
$24,600 -$600 $6,400
27 R
(including 1 DD),
3 W
(including 1 DD)
9 R,
5 W
12 R,
3 W
(including 1 DD)

Combined Coryat: $30,400

[game clues] [game scores] [suggest correction]

Game tape date: 2016-04-28
The J! Archive is created by fans, for fans. Scraping, republication, monetization, and malicious use prohibited; this site may use cookies and collect identifying information. See terms. The Jeopardy! game show and all elements thereof, including but not limited to copyright and trademark thereto, are the property of Jeopardy Productions, Inc. and are protected under law. This website is not affiliated with, sponsored by, or operated by Jeopardy Productions, Inc. Join the discussion at JBoard.tv.